01013nmc a2200289 a 4500003000900000005001700009008004100026020001800067040001300085100002000098245004600118260002500164300003400189490005600223500015900279504003100438650002800469650002800497650003200525650002600557650002700583650002500610650001700635650001600652653002500668700003000693AR-BaBNM20251128203514.0011101s1991 ||||||||||||||000 | spa|| a84-7046-484-1 cAR-BaBNM1 aMedina, Antonio10aEl empleo del ordenador en la enseñanza aMadridbCincelc19911 axix, 209 p.bgráfs., tablas 0aInvestigación y formación del profesoradovv. 21 aProyecto de los expertos Medina, Domínguez y Delchambre redactores y responsables del documento al Fondo Social Europeo y de su aceptación por la UNED aBibliografía: p. 187-191 4aPROYECTOS EDUCACIONALES 4aOBJETIVOS EDUCACIONALES 4aENSENANZA DE LA INFORMATICA 4aFORMACION DE DOCENTES 4aFORMADORES DE DOCENTES 4aMETODOS DE ENSENANZA 4aCOMPUTADORAS 4aINFORMATICA 0aCAPACITACION DOCENTE1 aDomínguez, Concepción